| 000 | 01747nam a2200433 c 4500 | ||
|---|---|---|---|
| 001 | 202400 | ||
| 003 | BLK | ||
| 005 | 20240130094200.0 | ||
| 008 | 180411b bul|||||r ||||||| ||bul|| | ||
| 010 | _aKNG00211864000 | ||
| 020 | _a978-619-90879-0-9 | ||
| 020 | _a978-619-90879-1-6 | ||
| 040 | _aBLK | ||
| 041 |
_aBUL _cBUL |
||
| 072 | 7 |
_2bullib _aН00 _xОбщ отдел Н |
|
| 080 |
_aОрганизации, асоциации, движения със специални цели и/или области на дейност. Професионални асоциации(Ку-клукс-клан, масони, окултни движения, орден на тамплиерите). _b061.23 _x(497.2)(091)(092) _z061.23(497.2)(091)(092) |
||
| 080 |
_aБиографии _b929 _x(497.2) _z929(497.2) |
||
| 100 | 1 |
_aСавов, Божидар _eпърви автор _9349788 |
|
| 139 |
_aСавов, Божидар _bС 13 |
||
| 245 | 1 | 0 |
_a100 известни личности от българското масонство (1879 - 1940) _cБожидар Савов. |
| 257 | _aBGR | ||
| 260 |
_bПоливижън _c2017 |
||
| 300 |
_a468, 8 л. _bил., факс. _c24 см |
||
| 380 | _a0 | ||
| 500 | _aБиблиогр. с. 461-467. | ||
| 650 | 4 |
_aМасонство - България - история _9287144 |
|
| 651 | 4 |
_aБългария _9241624 |
|
| 653 | _aмасони | ||
| 653 | _aмасонство | ||
| 653 | _aбиографии | ||
| 659 | _aН | ||
| 852 | _aЦб 286931 | ||
| 856 | 4 | _qpdf | |
| 856 | 4 | _qpdf | |
| 942 |
_cKNG _n0 _01 |
||
| 944 |
_aCR _c30.08.2017 _lНора Радева _k30545 |
||
| 944 |
_aED _c20.03.2018 _lф / _kВиолета_Тройчева |
||
| 999 |
_c202400 _d202400 |
||
| 999 | _d202400 | ||